[Event "Chigorin Memorial"]
[Site "St Petersburg RUS"]
[Date "2012.11.04"]
[Round "9.31"]
[White "Aitbayev, Aslan"]
[Black "Zvjaginsev, Vadim"]
[Result "1/2-1/2"]
[BlackTitle "GM"]
[WhiteElo "2416"]
[BlackElo "2678"]
[WhiteFideId "13704613"]
[BlackFideId "4113403"]
[EventDate "2012.10.27"]

1. e4 c6 2. d4 d5 3. Nc3 dxe4 4. Nxe4 Nf6 5. Nxf6+ exf6 6. c3 Bd6 7. Bd3 O-O 8.
Qf3 Re8+ 9. Ne2 Qc7 10. h3 Nd7 11. O-O Nf8 12. Bf4 Ng6 13. Bxd6 Qxd6 14. Rfe1
Be6 15. Qg3 Qxg3 16. Nxg3 Nf4 17. Bf1 f5 18. c4 Red8 19. Rad1 Rd6 20. Rd2 Rad8
21. Red1 g5 22. b3 Kg7 23. Ne2 Nxe2+ 24. Bxe2 f4 25. b4 f3 26. Bf1 fxg2 27. Kxg2
b5 28. cxb5 cxb5 29. Bxb5 Bd5+ 30. Kg3 Rb8 31. Be2 Rxb4 32. Bf3 Ra4 33. Bxd5
Rxd5 34. Kf3 Kf6 35. Ke4 Re5+ 36. Kf3 Rf5+ 37. Kg2 Rd5 38. Rc1 Kg6 39. Rc5 Rdxd4
40. Rxd4 Rxd4 41. Ra5 Rd7 42. h4 gxh4 43. Kh3 Rd2 44. Kxh4 Rxf2 45. Rxa7 h5 46.
Ra8 Rf4+ 47. Kg3 Rg4+ 48. Kh3 f5 49. a4 Kg5 50. a5 Ra4 51. a6 Ra3+ 52. Kg2 Kg4
53. a7 Kf4 54. Kh2 h4 55. Kg2 Ra6 56. Kh2 Ra1 57. Kg2 Ra3 58. Kh2 h3 59. Kh1 Ra2
60. Kg1 Rg2+ 61. Kf1 Ra2 62. Kg1 Ra1+ 63. Kh2 Ra3 64. Kh1 Ra2 65. Kg1 Rg2+ 66.
Kf1 Rg7 67. Rh8 Rxa7 68. Rxh3 Kg4 69. Rb3 f4 70. Rc3 Ra1+ 71. Kf2 Rh1 72. Kg2
Ra1 73. Rb3 Ra2+ 74. Kf1 f3 75. Rb8 Ra1+ 76. Kf2 1/2-1/2

[Event "Chigorin Memorial"]
[Site "St Petersburg RUS"]
[Date "2012.11.04"]
[Round "9.32"]
[White "Zhigalko, Andrey"]
[Black "Cori T., Deysi"]
[Result "0-1"]
[WhiteTitle "GM"]
[BlackTitle "WGM"]
[WhiteElo "2582"]
[BlackElo "2411"]
[WhiteFideId "13502247"]
[BlackFideId "3801934"]
[EventDate "2012.10.27"]

1. d4 Nf6 2. c4 e6 3. Nc3 Bb4 4. Qc2 O-O 5. e4 c5 6. e5 cxd4 7. a3 dxc3 8. axb4
Ng4 9. Qxc3 d6 10. exd6 Qxd6 11. Nf3 e5 12. h3 Nf6 13. Be3 Ne4 14. Qa3 Nc6 15.
Bd3 Bf5 16. O-O-O Qe7 17. Rhe1 Rfd8 18. b5 Nb4 19. Bf1 Rxd1+ 20. Rxd1 a5 21. Qa4
h6 22. Ne1 Rc8 23. Bb6 Qe6 24. Bxa5 Rxc4+ 25. Bxc4 Qxc4+ 26. Nc2 Na2+ 0-1

[Event "Chigorin Memorial"]
[Site "St Petersburg RUS"]
[Date "2012.11.04"]
[Round "9.35"]
[White "Tilicheev, Viacheslav"]
[Black "Alsina Leal, Daniel"]
[Result "0-1"]
[WhiteTitle "FM"]
[BlackTitle "GM"]
[WhiteElo "2397"]
[BlackElo "2528"]
[WhiteFideId "24114928"]
[BlackFideId "2252627"]
[EventDate "2012.10.27"]

1. e4 c5 2. Nf3 d6 3. d4 cxd4 4. Nxd4 Nf6 5. Nc3 a6 6. Be3 e5 7. Nb3 Be6 8. h3
Nbd7 9. Qf3 Rc8 10. g4 h6 11. O-O-O Rxc3 12. bxc3 Qc7 13. g5 hxg5 14. Bxg5 Be7
15. Rg1 b5 16. Qe3 Nb6 17. f4 Na4 18. f5 Bxb3 19. axb3 Nxc3 20. Bd3 d5 21. Bxf6
gxf6 22. Kb2 d4 23. Qf3 Nxd1+ 24. Qxd1 Qc3+ 25. Ka2 Qa5+ 26. Kb1 Bb4 27. c4 Bc3
28. Bf1 bxc4 29. bxc4 0-1

[Event "Chigorin Memorial"]
[Site "St Petersburg RUS"]
[Date "2012.11.04"]
[Round "9.36"]
[White "Shuraev, Andrei"]
[Black "Cori, Jorge"]
[Result "0-1"]
[WhiteTitle "IM"]
[BlackTitle "GM"]
[WhiteElo "2368"]
[BlackElo "2522"]
[WhiteFideId "4115295"]
[BlackFideId "3802272"]
[EventDate "2012.10.27"]

1. c4 e5 2. Nc3 Nf6 3. Nf3 Nc6 4. g3 Bb4 5. Bg2 O-O 6. O-O e4 7. Ng5 Bxc3 8.
dxc3 Re8 9. Nh3 h6 10. Nf4 d6 11. Nd5 Bf5 12. Qb3 b6 13. h3 Kh8 14. a4 a5 15.
Be3 Ne5 16. Qa2 Nfd7 17. Bd4 Qc8 18. Kh2 Nc5 19. b3 Bh7 20. Qb2 f5 21. f3 exf3
22. exf3 Ned3 23. Qa2 f4 24. gxf4 Ra7 25. Rg1 c6 26. Nf6 gxf6 27. Bxf6+ Kg8 28.
h4 Kf7 29. Bh3 Qxh3+ 30. Kxh3 Kxf6 31. Rg4 Rae7 0-1

[Event "Chigorin Memorial"]
[Site "St Petersburg RUS"]
[Date "2012.11.04"]
[Round "9.38"]
[White "Ponfilenok, Vladimir"]
[Black "Makarov, Marat"]
[Result "0-1"]
[BlackTitle "GM"]
[WhiteElo "2392"]
[BlackElo "2516"]
[WhiteFideId "24113522"]
[BlackFideId "4101103"]
[EventDate "2012.10.27"]

1. d4 Nf6 2. Nf3 e6 3. g3 b5 4. Bg2 d5 5. O-O Bb7 6. a4 b4 7. c4 bxc3 8. bxc3
Nbd7 9. a5 Ba6 10. Nbd2 c5 11. c4 Rc8 12. cxd5 Nxd5 13. Ne4 Be7 14. dxc5 O-O 15.
Bb2 Nxc5 16. Qd4 Nf6 17. Nxc5 Bxc5 18. Qe5 Qd5 19. Qf4 Qe4 20. Qxe4 Nxe4 21. Nd4
Rb8 22. Ba3 Bxd4 23. Bxe4 Bxa1 24. Bxf8 Kxf8 25. Rxa1 Bxe2 26. Ra2 Bc4 27. Ra4
Bd5 28. Bxd5 exd5 29. a6 Ke7 30. Kg2 Kd6 31. Kf3 Kc5 32. Ra2 Rb6 33. Ke3 Rb3+
34. Kf4 Rb4+ 35. Kf5 Rb6 36. h4 Rf6+ 37. Ke5 Re6+ 38. Kf4 d4 39. Rc2+ Kb6 40.
Rd2 Rd6 41. Rd3 Kxa6 42. Kf3 Kb5 43. Ke2 a5 44. Rb3+ Kc4 45. Rb7 Ra6 46. Rxf7 a4
47. Rxg7 a3 48. Rc7+ Kd5 49. Rc1 a2 50. Ra1 Kc4 51. Rc1+ Kd5 52. Ra1 Ra3 53. f3
Kc4 54. g4 Kc3 55. f4 Kb2 0-1

[Event "Chigorin Memorial"]
[Site "St Petersburg RUS"]
[Date "2012.11.04"]
[Round "9.39"]
[White "Tologontegin, Semetey"]
[Black "Soffer, Ram"]
[Result "0-1"]
[WhiteTitle "FM"]
[BlackTitle "GM"]
[WhiteElo "2338"]
[BlackElo "2506"]
[WhiteFideId "13800574"]
[BlackFideId "2800101"]
[EventDate "2012.10.27"]

1. e4 c5 2. Nf3 e6 3. d3 Nc6 4. c3 d5 5. Qe2 b6 6. g3 Nf6 7. Bg2 Be7 8. O-O Bb7
9. Re1 h6 10. Na3 c4 11. e5 cxd3 12. Qxd3 Ne4 13. Nc2 Rc8 14. Be3 Na5 15. Nd2
Nc5 16. Qe2 Nc6 17. Nb4 Nxb4 18. cxb4 d4 19. bxc5 Bxg2 20. Kxg2 dxe3 21. Qxe3
Bxc5 22. Qf4 Qd4 23. Ne4 Qxb2 24. Nxc5 Rxc5 25. Qa4+ Qb5 26. Qxa7 Qc6+ 27. Kg1
O-O 28. Rab1 b5 29. Rb2 Ra8 30. Qe7 Rxe5 31. Rxe5 Qc1+ 32. Kg2 Qxb2 33. Rc5 Qe2
34. Qb7 Rxa2 35. Rc8+ Kh7 36. Qxf7 Qe4+ 37. Qf3 Qxf3+ 38. Kxf3 Kg6 39. Rb8 Rb2
40. g4 Rb3+ 41. Kf4 Kf6 42. h4 g5+ 43. hxg5+ hxg5+ 44. Ke4 Rb4+ 45. Kf3 Ke5 46.
Kg3 Rb3+ 47. f3 Rb2 48. Rg8 Kf6 49. Rf8+ Kg7 50. Rb8 b4 51. Rb6 Kf6 52. Rb5 b3
53. Kh3 e5 54. Rb6+ Ke7 55. Kg3 Kd7 56. Kh3 Kc7 57. Rb5 Kc6 58. Rxe5 Rb1 59. Re8
b2 60. Rc8+ Kb7 61. Rc2 Rh1+ 62. Kg2 b1=Q 0-1

[Event "Chigorin Memorial"]
[Site "St Petersburg RUS"]
[Date "2012.11.04"]
[Round "9.40"]
[White "Demuth, Adrien"]
[Black "Charochkina, Daria"]
[Result "1-0"]
[WhiteTitle "IM"]
[BlackTitle "WGM"]
[WhiteElo "2479"]
[BlackElo "2343"]
[WhiteFideId "642274"]
[BlackFideId "4180917"]
[EventDate "2012.10.27"]

1. d4 Nf6 2. c4 g6 3. Nc3 d5 4. Bg5 Ne4 5. Bh4 Nxc3 6. bxc3 dxc4 7. e3 Be6 8.
Nf3 Bg7 9. Rb1 b6 10. Nd2 O-O 11. Qf3 Nd7 12. Bxc4 Bxc4 13. Nxc4 Qe8 14. O-O c5
15. Rfc1 Nf6 16. Ne5 Rc8 17. d5 Qa4 18. c4 Nd7 19. Nc6 Rxc6 20. dxc6 Ne5 21. Qd1
Qxc6 22. Bxe7 Re8 23. Bg5 Qe6 24. Bf4 Nxc4 25. Qa4 Na5 26. Rd1 h6 27. Rbc1 g5
28. Bg3 f5 29. h3 Qc6 30. Qc2 Qe4 31. Qxe4 Rxe4 32. Rd8+ Kh7 33. Rd7 Kg6 34.
Rxa7 f4 35. exf4 gxf4 36. f3 Ra4 37. Bf2 Rc4 38. Rxc4 Nxc4 39. Ra4 Ne5 40. Rxf4 1-0

[Event "Chigorin Memorial"]
[Site "St Petersburg RUS"]
[Date "2012.11.04"]
[Round "9.41"]
[White "Yagupov, Igor"]
[Black "Krivenko, Sergey"]
[Result "0-1"]
[WhiteTitle "GM"]
[WhiteElo "2465"]
[BlackElo "2341"]
[WhiteFideId "4113632"]
[BlackFideId "24124753"]
[EventDate "2012.10.27"]

1. e4 c5 2. Nf3 d6 3. d4 cxd4 4. Nxd4 Nf6 5. Nc3 a6 6. Be3 e6 7. f3 b5 8. Qd2
Bb7 9. g4 Nfd7 10. O-O-O Nb6 11. Nb3 Nc6 12. Qf2 Nd7 13. h4 Rc8 14. Kb1 Nce5 15.
Bd4 Qc7 16. Bd3 Nc5 17. Qg3 Nexd3 18. cxd3 b4 19. Nxc5 bxc3 20. Bxc3 Qxc5 21. g5
Qb5 22. Ka1 a5 23. h5 a4 24. Rd2 Rc5 25. Rg1 Qc6 26. Qe1 h6 27. g6 f6 28. d4 Rc4
29. d5 Qc8 30. Rd4 Be7 31. Qe2 Ba6 32. Qd2 e5 33. Rxc4 Qxc4 34. Bb4 Qd4 35. Qc1
O-O 36. a3 Rc8 37. Qe1 Rc2 38. Bc3 Qc4 39. Qe3 Qb3 40. Kb1 Rxb2+ 0-1

[Event "Chigorin Memorial"]
[Site "St Petersburg RUS"]
[Date "2012.11.04"]
[Round "9.43"]
[White "Hayrapetyan, Hovik"]
[Black "Usmanov, Vasily"]
[Result "1-0"]
[WhiteTitle "IM"]
[WhiteElo "2450"]
[BlackElo "2336"]
[WhiteFideId "13302639"]
[BlackFideId "4135741"]
[EventDate "2012.10.27"]

1. d4 Nf6 2. c4 g6 3. Nc3 Bg7 4. Nf3 O-O 5. g3 d6 6. Bg2 Nc6 7. O-O Bf5 8. d5
Na5 9. Nd2 c5 10. e4 Bd7 11. Qc2 a6 12. b3 b5 13. Bb2 Rb8 14. Rab1 Qc7 15. h3 e6
16. Kh2 Rfe8 17. f4 b4 18. Nd1 exd5 19. cxd5 Bb5 20. Rg1 Qd8 21. Ne3 Nd7 22.
Bxg7 Kxg7 23. Rbe1 Qf6 24. e5 dxe5 25. Ne4 Qb6 26. f5 Nb7 27. d6 Bc6 28. f6+
Nxf6 29. Nxf6 Kxf6 30. Nc4 Qb5 31. Qf2+ Kg7 32. Nxe5 Rxe5 33. Rxe5 Bxg2 34. Rxg2
Rd8 35. Re7 Nxd6 36. Qb2+ Kg8 37. Rd2 Re8 38. Rxe8+ Nxe8 39. Qe5 h5 40. Rd8 Kf8
41. Rc8 Qd7 42. Qxc5+ Kg7 43. Qe5+ Nf6 44. Rc2 Qd3 45. Rf2 Qc3 46. Qxc3 bxc3 47.
Rf4 Nd5 48. Rc4 Kf6 49. Kg1 Ke5 50. Kf2 g5 51. a3 f5 52. b4 Nf6 53. Ke3 Ne4 54.
a4 Kd5 55. Rc8 a5 56. bxa5 Nc5 57. a6 f4+ 58. gxf4 gxf4+ 59. Kf3 c2 60. a7 c1=Q
61. a8=Q+ Kd4 62. Qe4+ Nxe4 63. Rxc1 Ng5+ 64. Kxf4 Nxh3+ 65. Kf5 Nf2 66. a5 Ng4
67. a6 Ne3+ 68. Kg5 1-0

[Event "Chigorin Memorial"]
[Site "St Petersburg RUS"]
[Date "2012.11.04"]
[Round "9.44"]
[White "Bazeev, German"]
[Black "Can, Emre"]
[Result "1-0"]
[BlackTitle "GM"]
[WhiteElo "2319"]
[BlackElo "2449"]
[WhiteFideId "24119350"]
[BlackFideId "6302181"]
[EventDate "2012.10.27"]

1. d4 Nf6 2. c4 e6 3. g3 c5 4. d5 exd5 5. cxd5 d6 6. Bg2 g6 7. Nf3 Bg7 8. O-O
O-O 9. Nc3 a6 10. a4 Re8 11. Nd2 Nbd7 12. h3 Rb8 13. Nc4 Ne5 14. Nxe5 Rxe5 15.
e4 Re8 16. f4 Nd7 17. e5 dxe5 18. d6 b5 19. axb5 axb5 20. Nd5 Bb7 21. fxe5 Nxe5
22. Ra7 Kh8 23. Nc7 Bxg2 24. Kxg2 Rf8 25. Qd5 Rb6 26. Rd1 Nd7 27. Ra8 Qf6 28.
Bf4 Rxa8 29. Qxa8+ Rb8 30. Qc6 Qf5 31. Rf1 Nf6 32. g4 Qd3 33. Qf3 Qxf3+ 34. Kxf3
Nd7 35. Ke4 Nf6+ 36. Kf3 b4 37. b3 Nd7 38. Ke4 c4 39. bxc4 b3 40. Be3 b2 41. Rb1
Rb3 42. Nd5 Ra3 43. c5 Ra1 44. c6 Nf6+ 45. Kf3 Nxd5 46. d7 Ra8 47. Bg5 f6 48.
Bf4 Bf8 49. Rxb2 Be7 50. Rd2 Nb6 51. c7 Bd8 52. Re2 Kg7 53. cxd8=Q Rxd8 54. Re7+
Kf8 55. Bd6 1-0

[Event "Chigorin Memorial"]
[Site "St Petersburg RUS"]
[Date "2012.11.04"]
[Round "9.45"]
[White "Chekhov, Sergei"]
[Black "Leontiev, Aleksandr V."]
[Result "1-0"]
[WhiteTitle "FM"]
[BlackTitle "IM"]
[WhiteElo "2443"]
[BlackElo "2321"]
[WhiteFideId "4195639"]
[BlackFideId "4122968"]
[EventDate "2012.10.27"]

1. e4 e5 2. Nf3 Nc6 3. d4 exd4 4. Nxd4 Bc5 5. Nxc6 Qf6 6. Qf3 dxc6 7. Bc4 Be6 8.
Bxe6 Qxe6 9. Be3 Bb4+ 10. Bd2 Bxd2+ 11. Nxd2 O-O-O 12. O-O-O Nf6 13. Qb3 Qe5 14.
f3 Qg5 15. g3 Rd7 16. f4 Qg6 17. Qe3 b6 18. e5 Nd5 19. Qe4 Qe6 20. Nb3 Rhd8 21.
Nd4 Qh6 22. a3 g5 23. c4 gxf4 24. cxd5 fxg3+ 25. Kc2 cxd5 26. Qe2 Kb7 27. hxg3
Qg5 28. g4 a6 29. Kb1 Re8 30. Rh5 Qg6+ 31. Ka1 Qe4 32. Rd2 Rde7 33. Qxe4 dxe4
34. e6 fxe6 35. Re2 c5 36. Nc2 Kc6 37. Rxe4 e5 38. Ne3 b5 39. Rh6+ Kb7 40. Nf5
Re6 41. Rxh7+ Kc6 42. Ne3 Rf8 43. Ra7 Rf4 44. Rxa6+ Kd7 45. Rxf4 Rxa6 46. Rf5
Ke6 47. g5 Ra4 48. Rf6+ Ke7 49. Nf5+ Ke8 50. g6 1-0

[Event "Chigorin Memorial"]
[Site "St Petersburg RUS"]
[Date "2012.11.04"]
[Round "9.46"]
[White "Mammadov, Zaur"]
[Black "Golubov, Saveliy"]
[Result "1/2-1/2"]
[WhiteTitle "IM"]
[WhiteElo "2442"]
[BlackElo "2189"]
[WhiteFideId "13401033"]
[BlackFideId "24176729"]
[EventDate "2012.10.27"]

1. e4 e6 2. d4 d5 3. Nc3 Bb4 4. Qd3 Ne7 5. Bd2 O-O 6. Nf3 b6 7. O-O-O Ba6 8. Qe3
Bxf1 9. Rhxf1 Nd7 10. exd5 Nxd5 11. Nxd5 Bxd2+ 12. Qxd2 exd5 13. Qf4 Rc8 14. Qf5
Nf6 15. Ne5 Qd6 16. g4 Qe6 17. Qxe6 fxe6 18. Nc6 Rce8 19. f3 a6 20. Rfe1 h5 21.
gxh5 Nxh5 22. Re5 Nf4 23. Rg5 Rf5 24. Rg4 Nh5 25. Rf1 Nf6 26. Rg2 Nh5 27. Kd2
Kh7 28. b4 Nf4 29. Rg4 Nh5 30. Rh4 Kg8 31. Rg1 Nf6 32. Ke3 Nd7 33. Rhg4 Rf7 34.
Rg5 Kh7 35. a4 Ref8 36. R1g3 Re8 37. c3 Kh8 38. R5g4 Ref8 39. Ke2 Kg8 40. Rh4
Rf6 41. f4 Nb8 42. Ne5 Rxf4 43. Rhh3 Re4+ 44. Kd3 Rf5 45. Rg2 Rexe5 46. dxe5 Nd7
47. Rhg3 Nxe5+ 48. Ke2 Rf7 49. Re3 Rf5 50. h4 Kf7 51. Rg5 Ng6 52. Rxf5+ exf5 53.
h5 Nf4+ 54. Kf3 Nxh5 55. Re5 Nf6 56. Rxf5 Ke6 57. Rg5 Ne4 58. Rg6+ Kd7 59. a5
Nxc3 60. Ke3 Na2 61. b5 axb5 62. Rxg7+ Kc8 63. a6 Kb8 64. Kd4 Nb4 65. a7+ Kxa7
66. Rxc7+ Kb8 67. Rh7 Kc8 68. Ke5 d4 69. Kxd4 Nc6+ 70. Kd5 Nd8 71. Kd6 Nb7+ 72.
Kc6 Nd8+ 73. Kxb5 Kb8 74. Kxb6 Kc8 75. Re7 Kb8 76. Rc7 Ne6 77. Rc4 Nd8 78. Rc1
Nf7 79. Kc6 Kc8 80. Rf1 Nd8+ 81. Kd6 Nb7+ 82. Ke7 Kc7 83. Rc1+ Kb6 84. Kd7 Nc5+
85. Kd6 Nb7+ 86. Kd5 Nd8 87. Rc2 Nb7 88. Rc8 Na5 89. Rc2 Nb7 90. Rc6+ Kb5 91.
Rh6 Na5 92. Rh1 Kb6 93. Rb1+ Kc7 94. Rb2 Nb7 95. Rb5 Nd8 96. Ra5 Nb7 97. Ra6 Kd7
98. Rc6 Nd8 99. Rh6 Ke7 100. Ra6 Nf7 101. Re6+ Kd7 102. Re1 Nd8 103. Ke5 Ke7
104. Kf5+ Kd7 105. Kf6 Nc6 106. Rd1+ Kc7 107. Ke6 Nd8+ 108. Ke7 Nc6+ 109. Ke8
Ne5 110. Rd2 Nc6 111. Rd5 Nb4 112. Rd7+ Kc6 113. Kd8 Nd5 114. Rh7 Kd6 115. Rh6+
Ke5 116. Kd7 Nf6+ 117. Kc6 Ke6 118. Rh1 Ke5 119. Re1+ Ne4 120. Rd1 Nf6 121. Kc5
Ne4+ 122. Kc4 Nd6+ 123. Rxd6 Kxd6 1/2-1/2

[Event "Chigorin Memorial"]
[Site "St Petersburg RUS"]
[Date "2012.11.04"]
[Round "9.47"]
[White "Matinian, Nikita"]
[Black "Kiselev, Pavel"]
[Result "1-0"]
[WhiteTitle "IM"]
[WhiteElo "2439"]
[BlackElo "2188"]
[WhiteFideId "24129100"]
[BlackFideId "4191102"]
[EventDate "2012.10.27"]

1. e4 c5 2. Nf3 d6 3. d4 cxd4 4. Nxd4 Nf6 5. Nc3 a6 6. h3 e6 7. g4 Nc6 8. Be3
Qa5 9. Bg2 Nd7 10. Nb3 Qc7 11. f4 b5 12. O-O Nb6 13. Qe2 Nc4 14. Bf2 Be7 15. a4
bxa4 16. Qxc4 axb3 17. cxb3 Bd8 18. e5 d5 19. Nxd5 exd5 20. Bxd5 Bb7 21. Rfc1
Rc8 22. Rxa6 Nb8 23. Qa4+ Qd7 24. Rxc8 Bxc8 25. Ra8 Qxa4 26. bxa4 Bc7 27. b4 O-O
28. b5 Nd7 29. a5 g5 30. b6 Bd8 31. a6 Bxa6 32. Rxa6 gxf4 33. e6 Nf6 34. e7 Re8
35. b7 Rxe7 36. Kg2 1-0

[Event "Chigorin Memorial"]
[Site "St Petersburg RUS"]
[Date "2012.11.04"]
[Round "9.48"]
[White "Alekseenko, Kirill"]
[Black "Sarana, Alexey"]
[Result "1-0"]
[WhiteTitle "FM"]
[WhiteElo "2434"]
[BlackElo "2118"]
[WhiteFideId "4135539"]
[BlackFideId "24133795"]
[EventDate "2012.10.27"]

1. e4 c5 2. Nf3 d6 3. d4 cxd4 4. Nxd4 Nf6 5. Nc3 a6 6. Be2 e5 7. Nb3 Be7 8. O-O
O-O 9. Kh1 b6 10. a4 Bb7 11. f3 Nbd7 12. Be3 Qc7 13. Rf2 Rfd8 14. Bf1 Nc5 15.
Rd2 Rd7 16. Nxc5 dxc5 17. Bc4 Rad8 18. Rxd7 Rxd7 19. Qe2 Qc8 20. Bg5 Ne8 21.
Bxe7 Rxe7 22. Rd1 Rd7 23. Rxd7 Qxd7 24. Bxa6 Bxa6 25. Qxa6 Qd2 26. h3 Qc1+ 27.
Kh2 Qf4+ 28. Kg1 Qe3+ 29. Kf1 Qc1+ 30. Kf2 Qxb2 31. Nd5 Qxc2+ 32. Kg3 Qd2 33.
Qxb6 h6 34. Qd8 Qg5+ 35. Qxg5 hxg5 36. a5 Nd6 37. a6 Nb5 38. Kf2 Kf8 39. Ke3 c4
40. Nb6 c3 41. Kd3 Ke7 42. Nc8+ Kd7 43. a7 Nc7 44. Nb6+ Kc6 45. a8=Q+ Nxa8 46.
Nxa8 Kb7 47. Kxc3 Kxa8 48. Kc4 Kb7 49. Kd5 Kb6 50. Kxe5 Kc5 51. Kf5 Kd4 52. Kxg5
Ke3 53. e5 Kf2 54. f4 1-0

[Event "Chigorin Memorial"]
[Site "St Petersburg RUS"]
[Date "2012.11.04"]
[Round "9.49"]
[White "Malakhov, Igor"]
[Black "Lobanov, Sergei"]
[Result "1-0"]
[WhiteTitle "FM"]
[WhiteElo "2429"]
[BlackElo "2081"]
[WhiteFideId "4183088"]
[BlackFideId "24183750"]
[EventDate "2012.10.27"]

1. Nf3 Nf6 2. c4 b6 3. g3 Bb7 4. Bg2 e6 5. O-O Be7 6. b3 O-O 7. Bb2 c5 8. e3 Na6
9. Nc3 Ne4 10. Ne2 Bf6 11. d4 Rb8 12. Nf4 g6 13. Qe2 d6 14. Rfd1 Qe7 15. a3 Bg7
16. Rab1 Nc7 17. b4 cxb4 18. axb4 d5 19. c5 Ba6 20. Qc2 bxc5 21. bxc5 Bc4 22.
Nd2 Nxd2 23. Qxd2 Qd7 24. Ra1 Rb7 25. Bc3 Rfb8 26. Bf1 Bxf1 27. Rxf1 Qc6 28. Nd3
a6 29. Ba5 Ne8 30. Rfc1 Rc8 31. Nb4 Qb5 32. c6 Re7 33. Rc5 Qxc5 34. dxc5 Bxa1
35. Bb6 Nc7 36. Qd3 Bf6 37. Nxa6 Nxa6 38. Qxa6 Ree8 39. c7 Be7 40. Qb5 Kf8 41.
Qd7 Kg7 42. Kg2 Kf8 43. Kf3 Ra8 44. Ke2 Bf6 45. Ba7 Rac8 46. Bb8 Be5 47. Kd3 h5
48. f4 Rxb8 49. cxb8=Q Bxb8 50. c6 Re7 51. Qd8+ Re8 52. c7 Bxc7 53. Qxc7 Ra8 54.
Kd4 Kg7 55. Ke5 Ra4 56. Qd7 Re4+ 57. Kd6 d4 58. Ke7 1-0

[Event "Chigorin Memorial"]
[Site "St Petersburg RUS"]
[Date "2012.11.04"]
[Round "9.50"]
[White "Popov, Valerij"]
[Black "Biriukov, Oleg V."]
[Result "1-0"]
[WhiteTitle "GM"]
[BlackTitle "IM"]
[WhiteElo "2577"]
[BlackElo "2327"]
[WhiteFideId "4119410"]
[BlackFideId "4123174"]
[EventDate "2012.10.27"]

1. d4 Nf6 2. Nf3 e6 3. g3 d5 4. Bg2 Be7 5. O-O O-O 6. c4 dxc4 7. Qc2 a6 8. Qxc4
b5 9. Qc2 Bb7 10. Bd2 Be4 11. Qc1 Qc8 12. b4 Nc6 13. Nc3 Nxb4 14. Nxe4 Nxe4 15.
Bxb4 Bxb4 16. Qb1 Bc3 17. Qxe4 Bxa1 18. Ng5 g6 19. Qh4 h5 20. Bxa8 Bxd4 21. Qxd4
Qxa8 22. Rd1 1-0

[Event "Chigorin Memorial"]
[Site "St Petersburg RUS"]
[Date "2012.11.04"]
[Round "9.51"]
[White "Vocaturo, Daniele"]
[Black "Molchanova, Tatjana"]
[Result "1-0"]
[WhiteTitle "GM"]
[BlackTitle "WGM"]
[WhiteElo "2534"]
[BlackElo "2303"]
[WhiteFideId "813192"]
[BlackFideId "4132203"]
[EventDate "2012.10.27"]

1. e4 c6 2. c4 d5 3. exd5 cxd5 4. d4 Nf6 5. Nc3 g6 6. cxd5 Nxd5 7. Qb3 Nb6 8.
Bb5+ N8d7 9. a4 a6 10. Be2 Nf6 11. a5 Nbd5 12. Bc4 e6 13. Nf3 Bg7 14. Bg5 h6 15.
Nxd5 hxg5 16. Nb6 Rb8 17. Nxg5 Qxd4 18. O-O Qc5 19. Qg3 1-0

[Event "Chigorin Memorial"]
[Site "St Petersburg RUS"]
[Date "2012.11.04"]
[Round "9.52"]
[White "Moiseenko, Vadim"]
[Black "Ageichenko, Genadi A"]
[Result "1-0"]
[BlackTitle "IM"]
[WhiteElo "2477"]
[BlackElo "2301"]
[WhiteFideId "4123700"]
[BlackFideId "4105222"]
[EventDate "2012.10.27"]

1. e4 c5 2. f4 d5 3. exd5 Qxd5 4. Nc3 Qd8 5. Nf3 Nf6 6. Ne5 Nfd7 7. Qf3 e6 8. b3
Be7 9. Bb2 Nxe5 10. fxe5 Nc6 11. O-O-O Bd7 12. Qg4 Nxe5 13. Qxg7 Bf6 14. Qg3 Ng6
15. Be2 Be5 16. Qg4 Qh4 17. Qxh4 Nxh4 18. g3 Nf5 19. Bh5 Bc6 20. Rhe1 Bg7 21.
Rxe6+ Kd7 22. Re2 Nd4 23. Rf2 f5 24. Ne2 Rhf8 25. Rdf1 Ke6 26. Nxd4+ cxd4 27.
Re1+ Be4 28. d3 Bh6+ 29. Kb1 Be3 30. Rfe2 f4 31. gxf4 1-0

[Event "Chigorin Memorial"]
[Site "St Petersburg RUS"]
[Date "2012.11.04"]
[Round "9.53"]
[White "Gerasimov, Ivan"]
[Black "Golovin, Leonid"]
[Result "0-1"]
[WhiteTitle "FM"]
[WhiteElo "2308"]
[BlackElo "2475"]
[WhiteFideId "4196562"]
[BlackFideId "4113381"]
[EventDate "2012.10.27"]

1. e4 c5 2. Nf3 Nc6 3. d4 cxd4 4. Nxd4 Qb6 5. Nb3 Nf6 6. Nc3 e6 7. Be2 d6 8. Be3
Qc7 9. Bg5 a6 10. Qd2 b5 11. Bxf6 gxf6 12. f4 h5 13. a3 h4 14. O-O-O Bb7 15. Qe3
O-O-O 16. Kb1 Bh6 17. Rhf1 Kb8 18. Bxb5 axb5 19. Nxb5 Qe7 20. Qb6 Rd7 21. Na5
Nxa5 22. Qxa5 Bxe4 23. Rd4 f5 24. Rf3 Qd8 25. Qa4 Bxf3 26. gxf3 Bg7 27. Rb4 Rb7
28. Na7 Rxb4 29. Nc6+ Kc7 30. axb4 Qa8 31. Na5 Qxf3 32. b5 Qh1+ 33. Ka2 Ra8 34.
Qb4 Qd5+ 35. c4 Qd4 0-1

[Event "Chigorin Memorial"]
[Site "St Petersburg RUS"]
[Date "2012.11.04"]
[Round "9.54"]
[White "Fomichenko, Eduard"]
[Black "Solovyov, Viktor"]
[Result "0-1"]
[WhiteTitle "IM"]
[WhiteElo "2460"]
[BlackElo "2265"]
[WhiteFideId "4132700"]
[BlackFideId "4102754"]
[EventDate "2012.10.27"]

1. d4 d5 2. Nf3 c6 3. g3 Nf6 4. Bg2 Bg4 5. O-O Nbd7 6. Nbd2 e6 7. Re1 Be7 8. e4
O-O 9. c3 Bh5 10. h3 Bg6 11. exd5 cxd5 12. Qb3 Qc7 13. Nh4 Bd3 14. Re3 Ba6 15.
Qd1 Nb6 16. f4 g6 17. Nhf3 Ne8 18. Ne5 Ng7 19. Nf1 Nf5 20. Rf3 Nc4 21. Qe1 Rac8
22. Nd2 Ncd6 23. Kh2 b6 24. Rf2 Kg7 25. Bf3 h5 26. Bd1 Rh8 27. Bb3 Bb7 28. Rg2
a5 29. a4 Ba6 30. Bc2 Bf6 31. Ndf3 Bb7 32. Ng5 Rce8 33. Kg1 Nc4 34. Nexf7 Rhf8
35. Ne5 Bxg5 36. fxg5 Nxe5 37. dxe5 d4 38. Be4 dxc3 39. Bxb7 cxb2 40. Bxb2 Qxb7
41. Rc1 Rc8 42. Rcc2 Rxc2 43. Rxc2 Rc8 44. Rxc8 Qxc8 45. g4 hxg4 46. hxg4 Ne7
47. Qf2 Nd5 48. Qh2 Qh8 49. Qg3 Qf8 50. Bd4 Qb4 51. Qf2 Qxa4 52. Bxb6 Qxg4+ 53.
Kf1 a4 54. Bc5 Qf5 55. Ke2 Nc3+ 0-1

[Event "Chigorin Memorial"]
[Site "St Petersburg RUS"]
[Date "2012.11.04"]
[Round "9.55"]
[White "Gladyszev, Oleg"]
[Black "Vavulin, Maksim"]
[Result "1-0"]
[WhiteTitle "IM"]
[WhiteElo "2446"]
[BlackElo "2293"]
[WhiteFideId "4118642"]
[BlackFideId "4169530"]
[EventDate "2012.10.27"]

1. d4 Nf6 2. c4 c5 3. d5 e6 4. Nc3 exd5 5. cxd5 d6 6. e4 g6 7. f4 Bg7 8. Bb5+
Nfd7 9. a4 O-O 10. Nf3 Na6 11. O-O Nb4 12. Re1 a6 13. Bf1 Re8 14. h3 b6 15. Bc4
Rb8 16. Be3 b5 17. axb5 axb5 18. Bxb5 Bxc3 19. bxc3 Rxb5 20. cxb4 Rxe4 21. bxc5
dxc5 22. Qd3 Reb4 23. Bd2 Rb3 24. Qe2 Nf6 25. Ra8 Rb8 26. Rxb8 Rxb8 27. Bc3 Rb3
28. Bxf6 Qxf6 29. Qe8+ Kg7 30. Qxc8 Qxf4 31. Qxc5 Rxf3 32. gxf3 Qg3+ 33. Kf1
Qxf3+ 34. Qf2 Qh1+ 35. Ke2 Qxd5 36. Qf3 Qd4 37. Kf1 h5 38. Kg2 Qc5 39. Re2 Qg5+
40. Kh2 Qc5 41. Qf4 Qc6 42. Qe5+ Kh7 43. Rf2 Kg8 44. Kg3 Qc4 45. Rf4 Qd3+ 46.
Kh4 Qd8+ 47. Qf6 Qc7 48. Rd4 Kh7 49. Rd8 Qc4+ 50. Qd4 g5+ 51. Kxg5 Qc1+ 52. Qd2
Qg1+ 53. Kh4 1-0